000 00540nam a2200205Ia 4500
003 OSt
005 20230415090612.0
008 210423s2003 xx 000 0 und d
020 _a419171908
040 _cAL
041 _aeng
082 _a421
_223
_bKIRJ
100 _aKIRKMAN (John).
_988582
245 _aGood style: writing for science and technology.
260 _aNew Delhi
_bSpon Press
_c2003
300 _avii,221
_bPB
365 _b225
_cINR
906 _aGood ; science ; style: ; technology. ; writing
942 _2ddc
_cBK
999 _c157493
_d157493